000 00502nam a2200217Ia 4500
003 0100
008 130307s9999 xx 000 0 und d
040 _cARRUPELIB
050 _aB2132.E5 1988
245 _aRousseau
245 _bselections
260 _aLondon
260 _bMacmillan Publishing Company
260 _c1988
300 _av
300 _b225 23cm.
440 _aThe Great Philosophers
650 _bPhilosophy -- essays
700 _aCranston, Maurice (ed.)
942 0 0 _02
999 _c94075
_d94075